Longest US Interstate Highways - Statistics

General Stats
  • This quiz has been taken 69 times
  • The average score is 12 of 20
Answer Stats
Length Orientation Answer % Correct
3,020 East-West 90
98%
2,899 East-West 80
91%
1,925 North-South 95
91%
2,460 East-West 10
84%
2,555 East-West 40
84%
2,153 East-West 70
84%
1,786 North-South 75
79%
1,569 North-South 35
67%
1,381 North-South 5
67%
1,433 North-South 15
62%
1,062 North-South 25
60%
1,585 East-West 94
59%
1,539 East-West 20
57%
964 North-South 55
55%
887 North-South 65
40%
953 East-West 64
33%
668 North-South 85
28%
769 East-West 84 (W)
24%
854 North-South 81
21%
750 North-South 29
17%
No matching quizzes found
Score Distribution
Percent of People with Each Score
Percentile by Number Answered
Your Score History
You have not taken this quiz